[Event "Benidorm op-A"]
[Site "Benidorm"]
[Date "2023.11.01"]
[Round "4"]
[White "Lilliehook, Victor"]
[Black "Sendra Tormo, Juan"]
[Result "1/2-1/2"]
[WhiteElo "1852"]
[BlackElo "2057"]
[PlyCount "78"]
[EventDate "2023.10.29"]
[EventType "swiss"]
[EventRounds "9"]
[EventCountry "ESP"]
[SourceTitle "CBM 217 Extra"]
[Source "ChessBase"]
[SourceDate "2024.01.31"]
[SourceVersion "1"]
[SourceVersionDate "2024.01.31"]
[SourceQuality "1"]

1. e4 c5 2. Nf3 Nc6 3. d4 cxd4 4. Nxd4 Nf6 5. Nc3 d6 6. f3 e5 7. Nb3 Be6 8. Be3 Be7 9. Qd2 0-0 10. 0-0-0 a5 11. Bb5 Na7 12. Bxa7 Rxa7 13. Qf2 Ra8 14. a4 Rc8 15. Kb1 Rxc3 16. bxc3 Qc7 17. Qe1 Rc8 18. c4 b6 19. Rd3 Bd7 20. Nd2 Bc6 21. Ba6 Bb7 22. Bb5 Nd7 23. Qf2 Nc5 24. Ra3 Ne6 25. Rd3 Nf4 26. Rb3 Ne6 27. Rd3 Nc5 28. Ra3 d5 29. exd5 Ne4 30. Nxe4 Bxa3 31. Ka2 Bf8 32. Rd1 Rd8 33. Qe3 f5 34. Ng5 Rxd5 35. Rxd5 Bxd5 36. Qd3 Bf7 37. Nxf7 Qxf7 38. Bd7 g6 39. Qd5 Qxd5 1/2-1/2

[Event "Benidorm op-A"]
[Site "Benidorm"]
[Date "2023.10.29"]
[Round "1"]
[White "Sendra Tormo, Juan"]
[Black "Ramoutar, Alan Safar"]
[Result "0-1"]
[WhiteElo "2057"]
[BlackElo "2330"]
[PlyCount "124"]
[EventDate "2023.10.29"]
[EventType "swiss"]
[EventRounds "9"]
[EventCountry "ESP"]
[SourceTitle "CBM 217 Extra"]
[Source "ChessBase"]
[SourceDate "2024.01.31"]
[SourceVersion "1"]
[SourceVersionDate "2024.01.31"]
[SourceQuality "1"]

1. e4 c6 2. d4 d5 3. e5 c5 4. dxc5 e6 5. a3 Bxc5 6. b4 Be7 7. Qg4 g6 8. Nf3 h5 9. Qf4 Nd7 10. Bd3 Nh6 11. Nc3 a6 12. Ne2 Nf5 13. Ned4 g5 14. Qd2 Nxd4 15. Nxd4 Nxe5 16. Bb2 Bf6 17. Be2 Bd7 18. 0-0 Qb6 19. Rab1 Rc8 20. Nb3 Nc4 21. Bxc4 Bxb2 22. Rxb2 Rxc4 23. Na5 Rf4 24. c3 Rh6 25. g3 Rf5 26. Nb3 Rg6 27. Re1 h4 28. Nd4 Rff6 29. Re5 Qd6 30. Qe3 hxg3 31. hxg3 Rg8 32. Rxg5 Rh8 33. Re2 Kf8 34. Qe5 Qxe5 35. Rgxe5 Rfh6 36. Re1 f6 37. Rxe6 Bxe6 38. Rxe6 Rh1+ 39. Kg2 R8h2+ 40. Kf3 Rf1 41. Rxf6+ Kg7 42. Rd6 Rhxf2+ 43. Ke3 Ra2 44. Rxd5 Rxa3 45. Ne6+ Kf6 46. Nc5 Rxc3+ 47. Ke2 Rcc1 48. Rh5 Rfe1+ 49. Kd2 Red1+ 50. Ke2 Rd4 51. Rh6+ Kf5 52. Rb6 a5 53. Nd3 Rc2+ 54. Ke3 Rd7 55. g4+ Kg5 56. Rb5+ Kf6 57. Rf5+ Kg7 58. Nc5 Rc3+ 59. Ke2 Re7+ 60. Kd2 axb4 61. Rg5+ Kh6 62. Rg8 Rxc5 0-1

[Event "Xeraco Region-ch Preferente"]
[Site "Xeraco"]
[Date "2015.11.14"]
[Round "6.2"]
[White "Sendra Tormo, Juan"]
[Black "Moscardo Vaya, Salvador"]
[Result "1/2-1/2"]
[WhiteElo "1881"]
[BlackElo "1868"]
[PlyCount "117"]
[EventDate "2015.10.03"]
[EventType "swiss"]
[EventRounds "7"]
[EventCountry "ESP"]
[SourceTitle "EXT 2024"]
[Source "ChessBase"]
[SourceDate "2023.10.10"]
[SourceVersion "1"]
[SourceVersionDate "2023.10.10"]
[SourceQuality "1"]

1. e4 e5 2. d4 exd4 3. Qxd4 Nc6 4. Qe3 b6 5. Nc3 Bb7 6. Qg3 d6 7. Bg5 f6 8. Be3 Qd7 9. Be2 Qf7 10. 0-0-0 0-0-0 11. Nh3 g5 12. f4 h6 13. Rhf1 Qh7 14. fxg5 hxg5 15. Kb1 Bg7 16. Bd3 Ne5 17. Be2 Ne7 18. Qe1 d5 19. exd5 Nxd5 20. Nxd5 Bxd5 21. Qf2 Be4 22. Ba6+ Kb8 23. Qe2 Bb7 24. Bxb7 Kxb7 25. Bd4 Rde8 26. Rfe1 Qf5 27. Rf1 Qc8 28. Bxe5 Rxe5 29. Qd3 Qe6 30. Nf2 Re8 31. Qf3+ Kb8 32. Nd3 Re3 33. Qxe3 Qxe3 34. Rde1 Qxe1+ 35. Rxe1 Rxe1+ 36. Nxe1 f5 37. h3 c5 38. c4 Kc7 39. b3 Kd6 40. Nf3 Bf6 41. Kc2 Ke6 42. Kd3 g4 43. Nh2 gxh3 44. gxh3 Ke5 45. Ke3 Bg5+ 46. Kf2 Ke4 47. Ke2 Kf4 48. Kf2 a6 49. Nf3 Bf6 50. a4 a5 51. Ke2 Bb2 52. Nh4 Bf6 53. Nf3 Bg7 54. Nh4 Bh6 55. Kf2 Ke4 56. Ke2 f4 57. Nf3 Bg7 58. Ng5+ Kf5 59. Nf7 1/2-1/2

[Event "Xeraco Region-ch Preferente"]
[Site "Xeraco"]
[Date "2015.10.17"]
[Round "2.4"]
[White "Sendra Tormo, Juan"]
[Black "Custard Gasco, Daniela Brenda"]
[Result "1-0"]
[WhiteElo "1881"]
[BlackElo "1809"]
[PlyCount "81"]
[EventDate "2015.10.03"]
[EventType "swiss"]
[EventRounds "7"]
[EventCountry "ESP"]
[SourceTitle "EXT 2024"]
[Source "ChessBase"]
[SourceDate "2023.10.10"]
[SourceVersion "1"]
[SourceVersionDate "2023.10.10"]
[SourceQuality "1"]

1. e4 d5 2. exd5 Nf6 3. c4 c6 4. d4 cxd5 5. Nc3 Nc6 6. Bg5 dxc4 7. d5 Ne5 8. Qd4 Nd3+ 9. Bxd3 cxd3 10. Nf3 Bf5 11. Nh4 Be6 12. Bxf6 gxf6 13. Qxd3 Bd7 14. f4 Qb6 15. 0-0-0 0-0-0 16. Rhe1 a6 17. g3 Kb8 18. Nf5 Bxf5 19. Qxf5 h5 20. d6 Rxd6 21. Rxd6 Qxd6 22. Rd1 Qb6 23. Qd7 Bg7 24. Qxe7 f5 25. Qd6+ Qxd6 26. Rxd6 Bxc3 27. bxc3 h4 28. Rf6 hxg3 29. hxg3 Rg8 30. Rxf7 Rxg3 31. Kc2 Rf3 32. Rxf5 Kc7 33. Kb3 Kc6 34. Rf7 b6 35. f5 Rf4 36. Rf8 Kb5 37. f6 a5 38. a4+ Rxa4 39. f7 Rf4 40. c4+ Rxc4 41. Rd8 1-0

[Event "Xeraco Region-ch Preferente"]
[Site "Xeraco"]
[Date "2015.10.03"]
[Round "1.3"]
[White "Cortell Canet, Miguel"]
[Black "Sendra Tormo, Juan"]
[Result "1/2-1/2"]
[WhiteElo "1807"]
[BlackElo "1881"]
[PlyCount "46"]
[EventDate "2015.10.03"]
[EventType "swiss"]
[EventRounds "7"]
[EventCountry "ESP"]
[SourceTitle "EXT 2024"]
[Source "ChessBase"]
[SourceDate "2023.10.10"]
[SourceVersion "1"]
[SourceVersionDate "2023.10.10"]
[SourceQuality "1"]

1. d4 Nf6 2. Nf3 g6 3. c4 Bg7 4. g3 0-0 5. Bg2 d6 6. 0-0 Nc6 7. d5 Nb8 8. Nc3 a5 9. e4 e5 10. Be3 Ng4 11. Bg5 f6 12. Bd2 Na6 13. h3 Nh6 14. a3 Nc5 15. Be3 b6 16. b4 Nd7 17. Qd2 Nf7 18. Nb5 f5 19. Ng5 Nxg5 20. Bxg5 Bf6 21. Bxf6 Nxf6 22. Nc3 Nxe4 23. Nxe4 fxe4 1/2-1/2

[Event "Provincial-ch Xeraco Preferente"]
[Site "Xeraco"]
[Date "2014.11.08"]
[Round "5.5"]
[White "Canamas Soler, Jose Vicente"]
[Black "Sendra Tormo, Juan"]
[Result "1-0"]
[WhiteElo "1955"]
[BlackElo "1836"]
[PlyCount "83"]
[EventDate "2014.09.27"]
[EventType "swiss"]
[EventRounds "7"]
[EventCountry "ESP"]
[SourceTitle "EXT 2024"]
[Source "ChessBase"]
[SourceDate "2023.10.10"]
[SourceVersion "1"]
[SourceVersionDate "2023.10.10"]
[SourceQuality "1"]

1. Nf3 c5 2. g3 d5 3. Bg2 Nf6 4. 0-0 Nc6 5. d4 cxd4 6. Nxd4 e5 7. Nxc6 bxc6 8. c4 Be6 9. Nc3 Qd7 10. Qa4 Rc8 11. Rd1 d4 12. Bg5 Be7 13. e3 c5 14. Nb5 0-0 15. Qxa7 Qxa7 16. Nxa7 Rc7 17. Nb5 Rd7 18. b3 h6 19. Bxf6 Bxf6 20. a4 dxe3 21. fxe3 Rxd1+ 22. Rxd1 Bd8 23. Rd6 Ba5 24. Rc6 Bb4 25. Bd5 Bf5 26. e4 Bg4 27. Nd6 Kh7 28. Kg2 f6 29. Nb7 Rb8 30. Rc7 Bd1 31. Nxc5 Bxc5 32. Rxc5 Rxb3 33. Rb5 Ra3 34. a5 Ra2+ 35. Kf1 Be2+ 36. Ke1 Bd3 37. Rb3 Bc2 38. Rc3 Bb1 39. c5 Ra4 40. c6 Bxe4 41. Bxe4+ Rxe4+ 42. Kf2 1-0

[Event "Provincial-ch Xeraco Preferente"]
[Site "Xeraco"]
[Date "2014.10.18"]
[Round "3.6"]
[White "Morant Gomar, Sergio"]
[Black "Sendra Tormo, Juan"]
[Result "0-1"]
[WhiteElo "1709"]
[BlackElo "1836"]
[PlyCount "110"]
[EventDate "2014.09.27"]
[EventType "swiss"]
[EventRounds "7"]
[EventCountry "ESP"]
[SourceTitle "EXT 2024"]
[Source "ChessBase"]
[SourceDate "2023.10.10"]
[SourceVersion "1"]
[SourceVersionDate "2023.10.10"]
[SourceQuality "1"]

1. c4 c5 2. g3 Nf6 3. Bg2 Nc6 4. Nc3 e5 5. d3 g6 6. Bg5 h6 7. Bxf6 Qxf6 8. e3 Bg7 9. Nge2 d6 10. Nd5 Qd8 11. Nec3 a6 12. Qb3 Bd7 13. Nb6 Na5 14. Qa3 Qxb6 15. Nd5 Qd8 16. b4 cxb4 17. Qxb4 Bc6 18. 0-0 Bxd5 19. Bxd5 Rb8 20. a4 Nc6 21. Qb3 0-0 22. Rab1 Qc7 23. Rfc1 b6 24. Qa2 Ne7 25. Bg2 Kh8 26. h4 f5 27. Qe2 f4 28. Be4 Qd7 29. Kg2 d5 30. cxd5 Nxd5 31. Qa2 Ne7 32. Rc2 fxg3 33. f3 Nf5 34. Bxf5 Qxf5 35. Qd5 Rbd8 36. Qe4 Rxd3 37. Rxb6 Qxe4 38. fxe4 Rxe3 39. Rxa6 Rxe4 40. Kxg3 Re3+ 41. Kg2 Kh7 42. Ra7 Kg8 43. Rcc7 Bf6 44. a5 Ra3 45. a6 Rd8 46. Rc2 Bxh4 47. Re2 Bf6 48. Kf2 h5 49. Rc2 e4 50. Ke2 Rh3 51. Rac7 Ra3 52. a7 h4 53. Rb7 h3 54. Rd2 h2 55. Rd1 Rxd1 0-1

[Event "Provincial-ch Gandia Preferente"]
[Site "Gandia"]
[Date "2013.11.23"]
[Round "7"]
[White "Garcia Martin, Marta"]
[Black "Sendra Tormo, Juan"]
[Result "1/2-1/2"]
[WhiteElo "1773"]
[BlackElo "1772"]
[PlyCount "61"]
[EventDate "2013.10.05"]
[EventType "swiss"]
[EventRounds "7"]
[EventCountry "ESP"]
[SourceTitle "EXT 2024"]
[Source "ChessBase"]
[SourceDate "2023.10.10"]
[SourceVersion "1"]
[SourceVersionDate "2023.10.10"]
[SourceQuality "1"]

1. e4 e6 2. d4 d5 3. Nd2 a6 4. Ngf3 Nf6 5. Bd3 c5 6. c3 Nc6 7. 0-0 cxd4 8. cxd4 dxe4 9. Nxe4 Be7 10. Be3 0-0 11. Rc1 Nb4 12. Nxf6+ Bxf6 13. Bb1 Nd5 14. Qd3 g6 15. Bh6 Re8 16. Rfd1 Bd7 17. Ne5 Bb5 18. Qf3 Rc8 19. Rxc8 Qxc8 20. Be4 Qd8 21. b3 Qd6 22. Ng4 Bg7 23. Bxg7 Kxg7 24. Ne3 Nxe3 25. Qxe3 Bc6 26. Bxc6 Qxc6 27. Rc1 Qd5 28. Qe5+ Qxe5 29. dxe5 Re7 30. Kf1 Rd7 31. Ke2 1/2-1/2

[Event "Provincial-ch Gandia Preferente"]
[Site "Gandia"]
[Date "2013.10.05"]
[Round "1"]
[White "Bas Mas, Miguel"]
[Black "Sendra Tormo, Juan"]
[Result "1-0"]
[WhiteElo "1989"]
[BlackElo "1772"]
[PlyCount "65"]
[EventDate "2013.10.05"]
[EventType "swiss"]
[EventRounds "7"]
[EventCountry "ESP"]
[SourceTitle "EXT 2024"]
[Source "ChessBase"]
[SourceDate "2023.10.10"]
[SourceVersion "1"]
[SourceVersionDate "2023.10.10"]
[SourceQuality "1"]

1. Nf3 e6 2. b3 Nf6 3. Bb2 c5 4. e3 Be7 5. Be2 a6 6. c4 b6 7. 0-0 Bb7 8. d4 cxd4 9. Nxd4 0-0 10. Nd2 d6 11. Bf3 Qc7 12. Rc1 Nc6 13. Nxc6 Bxc6 14. Qc2 Bxf3 15. Nxf3 Rac8 16. Qb1 Qb7 17. Rfd1 Rfd8 18. h4 h6 19. Qa1 e5 20. Qb1 Qe4 21. Qxe4 Nxe4 22. Ba3 Bf8 23. Nd2 Nxd2 24. Rxd2 b5 25. cxb5 Rxc1+ 26. Bxc1 axb5 27. e4 Ra8 28. Rc2 g6 29. a3 Ra6 30. Rc8 Kg7 31. Kf1 Be7 32. g3 Kf6 33. Rb8 1-0

[Event "Provincial-ch Valencia Primera"]
[Site "Valencia"]
[Date "2012.11.24"]
[Round "7"]
[White "Herrero Garcia, Marcos"]
[Black "Sendra Tormo, Juan"]
[Result "0-1"]
[WhiteElo "1712"]
[BlackElo "1659"]
[PlyCount "94"]
[EventDate "2012.10.06"]
[EventType "swiss"]
[EventRounds "7"]
[EventCountry "ESP"]
[SourceTitle "EXT 2024"]
[Source "ChessBase"]
[SourceDate "2023.10.10"]
[SourceVersion "1"]
[SourceVersionDate "2023.10.10"]
[SourceQuality "1"]

1. d4 e6 2. Nf3 Nf6 3. c4 Bb4+ 4. Bd2 c5 5. Bxb4 cxb4 6. e3 0-0 7. Bd3 d6 8. Nbd2 Nc6 9. Qc2 e5 10. Ne4 h6 11. 0-0 Bg4 12. Nxf6+ Qxf6 13. dxe5 dxe5 14. Nd2 Rad8 15. f3 Qg5 16. Rae1 Be6 17. f4 exf4 18. exf4 Qc5+ 19. Kh1 Nd4 20. Qb1 Bf5 21. Bxf5 Qxf5 22. Qxf5 Nxf5 23. Nb3 Rfe8 24. g4 Ne3 25. Rg1 Nxc4 26. Rxe8+ Rxe8 27. Rc1 Nxb2 28. Rc7 Nd3 29. Rc4 Re1+ 30. Kg2 Re2+ 31. Kg3 Rxa2 32. Rd4 Ne1 33. Rxb4 Rg2+ 34. Kh3 b6 35. Re4 Rf2 36. Nd4 Nd3 37. Re3 Nc5 38. Kg3 Rd2 39. Re8+ Kh7 40. Nf5 g6 41. Ne3 a5 42. g5 h5 43. Re7 Rd7 44. Re8 a4 45. Nc4 Rd3+ 46. Kh4 Ne6 47. Ne5 Ng7 0-1

[Event "Provincial-ch Valencia Primera"]
[Site "Valencia"]
[Date "2012.11.10"]
[Round "5"]
[White "Sendra Tormo, Juan"]
[Black "Lopez Diaz, Rafael"]
[Result "1/2-1/2"]
[WhiteElo "1659"]
[BlackElo "1797"]
[PlyCount "119"]
[EventDate "2012.10.06"]
[EventType "swiss"]
[EventRounds "7"]
[EventCountry "ESP"]
[SourceTitle "EXT 2024"]
[Source "ChessBase"]
[SourceDate "2023.10.10"]
[SourceVersion "1"]
[SourceVersionDate "2023.10.10"]
[SourceQuality "1"]

1. e4 e5 2. Nf3 Nc6 3. Bb5 Nf6 4. 0-0 d6 5. d4 Nd7 6. Nc3 Be7 7. dxe5 dxe5 8. Nd5 0-0 9. Be3 a6 10. Nxe7+ Qxe7 11. Bxc6 bxc6 12. Qe2 Qb4 13. Bc1 Re8 14. a3 Qb6 15. b4 a5 16. Be3 Qb8 17. Qd2 Nf6 18. bxa5 Qb5 19. Qb4 Rxa5 20. c4 Qa6 21. Nd2 Be6 22. Nb3 Ra4 23. Nc5 Rxb4 24. Nxa6 Rxc4 25. Nxc7 Rc8 26. Nxe6 fxe6 27. f3 Ra8 28. Rfc1 Rxc1+ 29. Bxc1 Kf7 30. Be3 Nd7 31. a4 Ke7 32. a5 c5 33. Kf1 Kd6 34. Rd1+ Kc6 35. Bd2 Nb8 36. Bc3 Nd7 37. Ke2 Ra7 38. g3 g6 39. f4 exf4 40. gxf4 Kb5 41. Rd6 Kc4 42. Kd2 Nf8 43. Rd8 Rd7+ 44. Rxd7 Nxd7 45. h4 Kb5 46. Kd3 Nb8 47. h5 Nc6 48. hxg6 hxg6 49. Ke3 Nxa5 50. f5 gxf5 51. exf5 exf5 52. Kf4 Nc6 53. Kxf5 Kc4 54. Be1 Kd3 55. Ke6 c4 56. Kd5 Nd4 57. Bb4 Nc2 58. Ba5 Ne3+ 59. Kc5 Kc2 60. Kd4 1/2-1/2